00490nam a2200193 a 4500001001300000003000900013005001700022008004100039020001000080082001900090100001800109245004200127260003600169300000900205500003500214505001000249650001700259650002000276nice12345678IN_TiNIC20260116013615.0050524s1994 newa grp 000 0 eng  ac30000a307.70954bTRI aTripathi, G C aReligion and Society in Eastern India aNew Delhi bManohar Pub. c1994 a267p aincludes index and biblioraphy2 aIndex aIndia-Tribes aReligion-Tribes